Normal view
MARC view
Entry Personal Name
001 - CONTROL NUMBER
- control field: 19788
003 - CONTROL NUMBER IDENTIFIER
- control field: dpl
005 - DATE AND TIME OF LATEST TRANSACTION
- control field: 20100913151231.0
008 - FIXED-LENGTH DATA ELEMENTS
- fixed length control field: 100913|||a|||||| | ||| d
040 ## - CATALOGING SOURCE
- Original cataloging agency: dpl
- Transcribing agency: dpl
100 ## - HEADING--PERSONAL NAME
- Personal name: पाल, सुरेन्द्र सिंह
670 ## - SOURCE DATA FOUND
- Source citation: Work cat.: (dpl): 19362, भारतीय मनीषा दर्शन /, 2009
670 ## - SOURCE DATA FOUND
- Source citation: Work cat.: (dpl): 19362, भारतीय मनीषा दर्शन /, 2009
